000 00665nam a2200265Ia 4500
005 20260121170350.0
008 008 260114s9999 xx 000 0 eng d
020 _a9783319662459
037 _aEBOOK
040 _aCRL
040 _beng
040 _cCRL
041 _2eng
041 _aeng
084 _qCRL
100 _aJean Trépanier, Xavier Rousseaux
_91062994
245 0 _aYouth and Justice in Western States, 1815-1950
260 _bSpringer
260 _bSpringer
260 _c2018
856 _uhttps://link.springer.com/openurl?genre=book&isbn=978-3-319-66245-9
942 _cEBOOK
999 _c1628723
_d1628723